000 00666nam a2200169Ia 4500
008 090711s9999 xx 000 0 und d
082 _b171
100 _aधोंड मधुकर वासुदेव
245 _aतरीहि येतो वास फुलांना
260 _bराजहंस प्रकाशन
_c1999
300 _a178
600 _aधोंड मधुकर वासुदेव
630 _aतरीहि येतो वास फुलांना
700 _aधोंड मधुकर वासुदेव
730 _aतरीहि येतो वास फुलांना
942 _cBOOK
999 _c335059
_d335059